Centroamérica: el impacto de la liberación de Nicaragua
Αποθηκεύτηκε σε:
| Μορφή: | Κείμενο |
|---|---|
| Θέματα: | |
| Ετικέτες: |
Προσθήκη ετικέτας
Δεν υπάρχουν, Καταχωρήστε ετικέτα πρώτοι!
|
MARC
| LEADER | 00000 a a2200000 04500 | ||
|---|---|---|---|
| 001 | 17875 | ||
| 003 | |||
| 040 | |||
| 245 | |a Centroamérica: |b el impacto de la liberación de Nicaragua | ||
| 650 | |a LIBERACION | ||
| 650 | |a VIOLENCIA | ||
| 650 | |a ECONOMIA | ||
| 650 | |a POLITICA | ||
| 650 | |a CENTROAMERICA | ||
| 773 | |g volumen 3, número 36; páginas 301 | ||
| 999 | |c 39906 |d 39906 | ||
| 773 | 0 | |0 42391 |9 3784 |a Agencia Latinoamericana de Información, ALAI |d Quito, Ecuador: ALAI |o 03845 |t ALAI: |x 08275564 (Servicio mensual de información y documentación) | |
